Catalog

Record Details

Catalog Search



Cikánské romance  Cover Image Book Book

Cikánské romance / [Autor:] Federico García Lorca ; Ze špan. orig. Romancero gitano přel. a předmluvou i poznámkami doprovodil Lumír Čivrný

Summary:

Z básnického díla, vydaného k dvacátému výročí smrti básníka, zabitého španělskými fašisty, zaznívá zpěv rodného kraje formou staré lidové poesie, přetvořenou tvůrčí osobitostí autorovou. Kreslí lyrické obrazy cikánů rodné Andalusie v několika citových postojích: v lásce i smutku, v boji, touze. V utrpení i prokletí a doprovází je sugestivním obrazem čarovné přírody, plné vůně květin, barevných nálad, stesku nebo opět nekonečného ticha. Příroda tak proniká do děje a přímo zasahuje i do osudů hrdinů. Jeho verše plynou širokým tokem, prudkým pohybem, s prostou stavbou a magickým kouzlem.

Record details

  • Physical Description: 97, [4] s. ; 8°
  • Edition: 2. vyd., v SNKLHU 1. vyd.
  • Publisher: Praha : SNKLHU, 1956

Content descriptions

General Note:
5000 výt.
Životopisná pozn. o autorovi

Available copies

  • 1 of 1 copy available at Common Catalog SPOK.

Holds

  • 0 current holds with 1 total copy.
Show Only Available Copies
Location Call Number / Copy Notes Barcode Shelving Location Status Due Date
KDS Library 830 GaF 204576803555 Library Available -

LDR 01589nam a22002891 4500
00122929
003CZ-PrJAB
00520150804062622.0
008981205s1956 xr cze
015 . ‡acnb000723313
035 . ‡a(CZ PrNK)bk195603094
035 . ‡a(OCoLC)85454164
040 . ‡aABA001 ‡bcze ‡cBOA001 ‡dABA001
0411 . ‡acze ‡hspa
1001 . ‡aGarcía Lorca, Federico, ‡d1898-1936 ‡7jn19981001316 ‡4aut
24010. ‡aRomancero gitano. ‡lČesky
24510. ‡aCikánské romance / ‡c[Autor:] Federico García Lorca ; Ze špan. orig. Romancero gitano přel. a předmluvou i poznámkami doprovodil Lumír Čivrný
250 . ‡a2. vyd., v SNKLHU 1. vyd.
260 . ‡aPraha : ‡bSNKLHU, ‡c1956 ‡f(Práce)
300 . ‡a97, [4] s. ; ‡c
4901 . ‡aSvětová četba ; ‡vSv. 133
500 . ‡a5000 výt.
500 . ‡aŽivotopisná pozn. o autorovi
520 . ‡aZ básnického díla, vydaného k dvacátému výročí smrti básníka, zabitého španělskými fašisty, zaznívá zpěv rodného kraje formou staré lidové poesie, přetvořenou tvůrčí osobitostí autorovou. Kreslí lyrické obrazy cikánů rodné Andalusie v několika citových postojích: v lásce i smutku, v boji, touze. V utrpení i prokletí a doprovází je sugestivním obrazem čarovné přírody, plné vůně květin, barevných nálad, stesku nebo opět nekonečného ticha. Příroda tak proniká do děje a přímo zasahuje i do osudů hrdinů. Jeho verše plynou širokým tokem, prudkým pohybem, s prostou stavbou a magickým kouzlem.
830 0. ‡aSvětová četba
910 . ‡aABE463
964 . ‡aRomance
998 . ‡a000723313
901 . ‡a22929 ‡b ‡c22929 ‡tbiblio

Additional Resources